| 000 | 01136nam a22002057a 4500 | ||
|---|---|---|---|
| 003 | OSt | ||
| 005 | 20250606094857.0 | ||
| 008 | 250606s2021 ag ||||| |||| 00| 0 spa d | ||
| 020 | _a9789878321943 | ||
| 040 | _cOSt | ||
| 100 | 1 |
_aCarbonaro, Esteban, _eautor |
|
| 245 | 1 | 0 |
_aComunicación y culturas del consumo / _cEsteban Carbonaro, Laura Catanzariti, Romina Fritz |
| 260 |
_aBuenos Aires : _bMaipue, _c2021 |
||
| 300 | _a192 p. | ||
| 505 | _aCap. 1. De la sociedad de consumo a la sociedad de consumidores: surgimiento y desarrollo de los medios de comunicación -- Cap. 2. Mercado y consumo: economía y consumo -- Cap. 3. Cultura y consumo: ¿qué relación hay entre cultura y consumo? -- Cap. 4. Política, comunicación y consumo: el Estado y la gestión de las emisiones televisivas -- Cap. 5. Marketing -- Definiciones y diferencias: historia de la publicidad y el marketing -- Cap. 6: Publicidad: publicidad y propaganda. Diferencias y similitudes -- Bibliografía.- | ||
| 650 | 4 |
_aComunicación _xSociedad _xEconomía _xConsumo |
|
| 700 | 1 |
_aCatanzariti, Laura, _eautor |
|
| 700 | 1 |
_aFritz, Romina, _eautor |
|
| 942 |
_2udc _cLPD _n0 |
||
| 999 |
_c520 _d520 |
||